NBA Top 10 Dirty Players All-Time - Statistics

General Stats
  • This quiz has been taken 363 times
  • The average score is 4 of 12
Answer Stats
Player % Correct
Dennis Rodman
84%
Bill Laimbeer
72%
Isiah Thomas
65%
Karl Malone
44%
John Stockton
28%
Charles Oakley
24%
Rick Mahorn
23%
Zaza Pachulia
23%
Bruce Bowen
19%
Dikembe Mutombo
13%
Danny Ainge
7%
Christian Laettner
2%
No matching quizzes found
Score Distribution
Percent of People with Each Score
Percentile by Number Answered
Your Score History
You have not taken this quiz